[Event "London Classic Weekend op 11th"]
[Site "London"]
[Date "2019.12.01"]
[Round "5"]
[White "Johansson, Toni"]
[Black "Shrentzel, Israel"]
[Result "0-1"]
[WhiteElo "2000"]
[BlackElo "2220"]
[PlyCount "75"]
[EventDate "2019.11.29"]
[EventType "swiss"]
[EventRounds "5"]
[EventCountry "ENG"]
[SourceTitle "CBM 193 Extra"]
[Source "ChessBase"]
[SourceDate "2020.01.31"]
[SourceVersion "1"]
[SourceVersionDate "2020.01.31"]
[SourceQuality "1"]

1. d4 Nf6 2. Bf4 b6 3. Nf3 Bb7 4. c4 e6 5. e3 Bb4+ 6. Nc3 0-0 7. Be2 Ne4 8. Qc2 f5 9. h4 d6 10. Ng5 Bxc3+ 11. bxc3 Nxg5 12. hxg5 Nd7 13. 0-0-0 Qe8 14. Rh2 g6 15. Bg3 Rf7 16. Rdh1 e5 17. c5 Bd5 18. cxd6 cxd6 19. Kb2 b5 20. Ka1 Nb6 21. f3 Rc8 22. Rb1 a6 23. e4 fxe4 24. fxe4 Bc4 25. Bf3 Na4 26. d5 Rcc7 27. Bg4 Nc5 28. Rd1 Qe7 29. Bf2 Rf4 30. Bxc5 Rxg4 31. Be3 Qf8 32. Rhh1 Rg3 33. Qd2 Rf7 34. Rde1 Qc8 35. Rhg1 Qg4 36. Qc2 a5 37. Kb2 Kf8 38. Rd1 0-1

[Event "World op 45th"]
[Site "Philadelphia"]
[Date "2017.07.01"]
[Round "3"]
[White "Garcia, Jan Emmanuel"]
[Black "Shrentzel, Israel"]
[Result "1/2-1/2"]
[WhiteElo "2436"]
[BlackElo "2230"]
[PlyCount "73"]
[EventDate "2017.06.29"]
[EventType "swiss"]
[EventRounds "9"]
[EventCountry "USA"]
[SourceTitle "CBM 179 Extra"]
[Source "ChessBase"]
[SourceDate "2017.08.23"]
[SourceVersion "1"]
[SourceVersionDate "2017.08.23"]
[SourceQuality "1"]

1. c4 Nf6 2. g3 e6 3. Nf3 d5 4. Bg2 d4 5. 0-0 c5 6. e3 Nc6 7. exd4 cxd4 8. d3 Be7 9. Re1 0-0 10. Ne5 Nxe5 11. Rxe5 Bd6 12. Re1 e5 13. Na3 Re8 14. Nb5 Bc5 15. Bg5 a6 16. Bxf6 gxf6 17. Na3 f5 18. Nc2 a5 19. a3 Ra6 20. b4 Bf8 21. Bd5 Bg7 22. bxa5 Rxa5 23. Nb4 Qc7 24. Qb3 Be6 25. Ra2 b5 26. Bxe6 fxe6 27. cxb5 Rxb5 28. Rc2 Qb7 29. Rec1 Re7 30. Rc8+ Kf7 31. Qc4 Bh6 32. Re1 Bd2 33. Rb1 e4 34. Rh8 e3 35. Qxd4 Qf3 36. Rxh7+ Kg6 37. Rxe7 1/2-1/2

[Event "Warsaw AIG Life rapid 7th"]
[Site "Warsaw"]
[Date "2007.12.15"]
[Round "4"]
[White "Bobula, Mateusz"]
[Black "Shrentzel, Israel"]
[Result "1-0"]
[WhiteElo "2423"]
[BlackElo "2228"]
[PlyCount "65"]
[EventDate "2007.12.15"]
[EventType "swiss (rapid)"]
[EventRounds "13"]
[EventCountry "POL"]
[SourceTitle "CBM 121 Extra"]
[Source "ChessBase"]
[SourceDate "2008.01.10"]
[SourceVersion "1"]
[SourceVersionDate "2008.01.10"]
[SourceQuality "1"]

1. d4 Nf6 2. c4 e6 3. Nf3 c5 4. d5 exd5 5. cxd5 Bd6 6. Nc3 0-0 7. e4 Re8 8. Bd3 c4 9. Bxc4 Nxe4 10. 0-0 Nxc3 11. bxc3 Qc7 12. Qd3 Bf4 13. Bxf4 Qxf4 14. Rfe1 Rf8 15. Re4 Qf6 16. Rae1 b5 17. Bxb5 Na6 18. Re8 Bb7 19. Rxa8 Rxa8 20. Bxd7 Nc5 21. Qb5 Qxc3 22. Bc8 g5 23. Bxb7 Rb8 24. Re8+ Rxe8 25. Qxe8+ Kg7 26. Bc6 Nd3 27. Qe2 g4 28. Nh4 h5 29. Nf5+ Kg6 30. Ng3 Ne5 31. Bb5 f5 32. d6 f4 33. d7 1-0

[Event "Wichern op 3rd"]
[Site "Hamburg"]
[Date "1995.??.??"]
[Round "8"]
[White "Rajlich, Iweta"]
[Black "Shrentzel, Israel"]
[Result "0-1"]
[WhiteElo "2180"]
[BlackElo "2295"]
[PlyCount "64"]
[EventDate "1995.09.??"]
[EventType "swiss"]
[EventRounds "9"]
[EventCountry "GER"]
[SourceTitle "EXT 1997"]
[Source "ChessBase"]
[SourceDate "1996.11.15"]
[SourceVersion "1"]
[SourceVersionDate "1996.11.15"]
[SourceQuality "1"]

1. d4 Nf6 2. Nf3 e6 3. Bg5 b6 4. e3 Bb7 5. c3 Be7 6. Nbd2 0-0 7. Bd3 c5 8. 0-0 cxd4 9. cxd4 Nd5 10. Bxe7 Qxe7 11. Rc1 f5 12. Qa4 a6 13. Qb3 Nc6 14. Nc4 b5 15. Nce5 Na5 16. Qd1 d6 17. Qd2 dxe5 18. Nxe5 Qb4 19. Qe2 Rac8 20. Rc5 Rxc5 21. dxc5 Nc6 22. a3 Qh4 23. Nf3 Qf6 24. a4 bxa4 25. Bxa6 Ba8 26. Ra1 Rb8 27. Bb5 Nc7 28. Bxc6 Rxb2 29. Qd1 Bxc6 30. Qd6 Rd2 31. Nxd2 Qxa1+ 32. Nf1 Bb5 0-1

[Event "Wichern op 3rd"]
[Site "Hamburg"]
[Date "1995.??.??"]
[Round "3"]
[White "Shrentzel, Israel"]
[Black "Miezis, Normunds"]
[Result "0-1"]
[WhiteElo "2295"]
[BlackElo "2505"]
[PlyCount "76"]
[EventDate "1995.09.??"]
[EventType "swiss"]
[EventRounds "9"]
[EventCountry "GER"]
[SourceTitle "EXT 1997"]
[Source "ChessBase"]
[SourceDate "1996.11.15"]
[SourceVersion "1"]
[SourceVersionDate "1996.11.15"]
[SourceQuality "1"]

1. e4 c5 2. b3 e6 3. Bb2 Nc6 4. Nf3 Nf6 5. e5 Nd5 6. Bb5 Be7 7. 0-0 0-0 8. Bxc6 bxc6 9. c4 Nf4 10. d4 cxd4 11. Bxd4 c5 12. Be3 Ng6 13. Nc3 Bb7 14. Nb5 Bxf3 15. Qxf3 a6 16. Nc3 Nxe5 17. Qe2 Ng6 18. Rad1 Qc7 19. f4 f5 20. Rd3 Rad8 21. g3 Qc6 22. Rfd1 Rfe8 23. h4 Nh8 24. Bc1 Nf7 25. g4 fxg4 26. Ne4 d5 27. Ng5 Bxg5 28. hxg5 d4 29. Qxg4 e5 30. f5 e4 31. Rh3 e3 32. Qh5 h6 33. g6 Ng5 34. Rg3 Ne4 35. Rg2 Nf6 36. Qh3 Qe4 37. Rg3 Qc2 38. Re1 Qf2+ 0-1

[Event "Zuerich op-A 18th"]
[Site "Zuerich"]
[Date "1994.??.??"]
[Round "?"]
[White "Pavasovic, Dusko"]
[Black "Shrentzel, Israel"]
[Result "1-0"]
[WhiteElo "2425"]
[BlackElo "2295"]
[PlyCount "77"]
[EventDate "1994.12.26"]
[EventType "swiss"]
[EventRounds "7"]
[EventCountry "SUI"]
[SourceTitle "EXT 1997"]
[Source "ChessBase"]
[SourceDate "1996.11.15"]
[SourceVersion "1"]
[SourceVersionDate "1996.11.15"]
[SourceQuality "1"]

1. e4 d5 2. exd5 Qxd5 3. Nc3 Qd8 4. d4 Nf6 5. Nf3 g6 6. Bg5 Bg7 7. Qd2 0-0 8. Be2 a6 9. Ne5 Nbd7 10. 0-0 c5 11. Nxd7 Qxd7 12. dxc5 Qf5 13. Be3 Be6 14. Rfd1 Ng4 15. Nd5 Qxd5 16. Qxd5 Bxd5 17. Bxg4 Rad8 18. c3 f5 19. Be2 f4 20. Rxd5 fxe3 21. Rxd8 exf2+ 22. Kf1 Rxd8 23. Rd1 Rc8 24. Rd7 Rxc5 25. Rxb7 a5 26. Rxe7 Bh6 27. Kxf2 Bc1 28. Rb7 a4 29. c4 a3 30. b4 Rf5+ 31. Bf3 h5 32. c5 Bf4 33. c6 Bxh2 34. c7 Rf8 35. b5 Bd6 36. b6 g5 37. Ke2 g4 38. Bd5+ Kh8 39. Be6 1-0

[Event "EU-Cup 09th Group4"]
[Site "Portoroz"]
[Date "1993.09.18"]
[Round "1"]
[White "Dizdarevic, Emir"]
[Black "Shrentzel, Israel"]
[Result "1/2-1/2"]
[WhiteElo "2540"]
[BlackElo "2325"]
[PlyCount "79"]
[EventDate "1993.09.18"]
[EventType "team-k.o."]
[EventRounds "3"]
[EventCountry "SLO"]
[SourceTitle "EXT 2020"]
[Source "ChessBase"]
[SourceDate "2019.10.17"]
[SourceVersion "1"]
[SourceVersionDate "2019.10.17"]
[SourceQuality "1"]
[WhiteTeam "Sarajevo Bosna"]
[BlackTeam "Tel Aviv Moshe Czerniak"]
[WhiteTeamCountry "BIH"]
[BlackTeamCountry "ISR"]

1. Nf3 Nf6 2. g3 d6 3. d4 Bg4 4. Bg2 c6 5. h3 Bxf3 6. Bxf3 Nbd7 7. 0-0 e5 8. c4 Be7 9. Nc3 0-0 10. Bg2 Re8 11. Be3 Bf8 12. Qb3 Qc7 13. Rfd1 g6 14. Rd2 exd4 15. Bxd4 Bh6 16. Rdd1 Nc5 17. Qc2 Nfd7 18. f4 f5 19. b4 Ne6 20. Bf2 Bg7 21. Rac1 a5 22. a3 axb4 23. axb4 Nf6 24. e4 fxe4 25. Nxe4 Nxe4 26. Qxe4 Nd4 27. Rxd4 Rxe4 28. Rxe4 Ra1 29. Rxa1 Bxa1 30. b5 Kf7 31. bxc6 bxc6 32. Re2 Qb7 33. Kh2 Qb3 34. Rd2 Ke7 35. Bxc6 Qxc4 36. Bd5 Qb5 37. Bf3 Bc3 38. Rd1 Qb2 39. Kg2 Qc2 40. Kf1 1/2-1/2

[Event "Tel Aviv"]
[Site "Tel Aviv"]
[Date "1993.??.??"]
[Round "?"]
[White "Shrentzel, Israel"]
[Black "Kaspi, Alexander"]
[Result "0-1"]
[WhiteElo "2350"]
[BlackElo "2420"]
[PlyCount "104"]
[EventDate "1993.??.??"]
[EventType "tourn"]
[EventRounds "11"]
[EventCountry "ISR"]
[EventCategory "4"]
[SourceTitle "EXT 1998"]
[Source "ChessBase"]
[SourceDate "1997.11.17"]
[SourceVersion "1"]
[SourceVersionDate "1997.11.17"]
[SourceQuality "1"]

1. Nf3 c5 2. b3 Nf6 3. c4 b6 4. Bb2 Bb7 5. e3 e6 6. Be2 Be7 7. 0-0 0-0 8. d4 cxd4 9. Nxd4 a6 10. Nc3 d6 11. Bf3 Qc7 12. e4 Nbd7 13. g3 Rac8 14. Qe2 Qb8 15. Bg2 Rfe8 16. g4 d5 17. Rad1 Bd6 18. h3 Nc5 19. exd5 exd5 20. Qc2 dxc4 21. bxc4 Bxg2 22. Kxg2 Be5 23. Nf3 Bxc3 24. Bxc3 Nce4 25. Bxf6 Nxf6 26. Rd4 Qc7 27. Qa4 Qb7 28. Rfd1 h6 29. Qb3 Rc6 30. Rd6 Qc7 31. Qa3 a5 32. Rxc6 Qxc6 33. Rd4 Ne4 34. Qd3 Nc5 35. Rd6 Nxd3 36. Rxc6 Re2 37. Rxb6 Rxf2+ 38. Kg3 Rxa2 39. Rd6 Ra3 40. Rd8+ Kh7 41. Kh2 Nf4 42. Ng1 Ne6 43. Rc8 Kg6 44. c5 Rc3 45. c6 a4 46. Ra8 a3 47. Kh1 Kf6 48. Ra7 Ke5 49. Rd7 a2 50. Ra7 Rc2 51. Ra4 Kd6 52. h4 Kxc6 0-1

[Event "Tel Aviv"]
[Site "Tel Aviv"]
[Date "1993.??.??"]
[Round "?"]
[White "Sutovsky, Emil"]
[Black "Shrentzel, Israel"]
[Result "1-0"]
[WhiteElo "2340"]
[BlackElo "2350"]
[PlyCount "67"]
[EventDate "1993.??.??"]
[EventType "tourn"]
[EventRounds "11"]
[EventCountry "ISR"]
[EventCategory "4"]
[SourceTitle "EXT 1998"]
[Source "ChessBase"]
[SourceDate "1997.11.17"]
[SourceVersion "1"]
[SourceVersionDate "1997.11.17"]
[SourceQuality "1"]

1. e4 c5 2. Nf3 d6 3. d4 cxd4 4. Nxd4 Nf6 5. Nc3 Nc6 6. Bc4 Qb6 7. Nb3 e6 8. Bg5 a6 9. Bxf6 gxf6 10. Qh5 Bd7 11. 0-0 Nd4 12. Rad1 Nxc2 13. a3 Rc8 14. Qe2 a5 15. Nd5 exd5 16. exd5+ Kd8 17. Qxc2 a4 18. Qc3 Be7 19. Nd4 Rg8 20. Rfe1 Rc5 21. b4 axb3 22. Nxb3 Rc7 23. Nd4 Qc5 24. Rc1 f5 25. Qb2 Rg4 26. Nxf5 Bxf5 27. Qh8+ Kd7 28. Bf1 Rxg2+ 29. Kxg2 Qxd5+ 30. Kg1 Be6 31. Rxc7+ Kxc7 32. Rc1+ Kb6 33. Bg2 Qa2 34. Qd4+ 1-0

[Event "Multicoop op"]
[Site "Budapest"]
[Date "1992.??.??"]
[Round "8"]
[White "Shrentzel, Israel"]
[Black "Sutovsky, Emil"]
[Result "1/2-1/2"]
[WhiteElo "2360"]
[BlackElo "2265"]
[PlyCount "32"]
[EventDate "1992.??.??"]
[EventType "swiss"]
[EventRounds "9"]
[EventCountry "HUN"]
[SourceTitle "EXT 1997"]
[Source "ChessBase"]
[SourceDate "1996.11.15"]
[SourceVersion "1"]
[SourceVersionDate "1996.11.15"]
[SourceQuality "1"]

1. Nf3 Nf6 2. c4 g6 3. b3 Bg7 4. Bb2 d6 5. d4 0-0 6. g3 e5 7. dxe5 Ng4 8. h3 Nxe5 9. Nxe5 dxe5 10. Nc3 e4 11. Qc1 f5 12. Bg2 c6 13. 0-0 Na6 14. Rd1 Qe7 15. Na4 Bxb2 16. Qxb2 Be6 1/2-1/2

[Event "Forli op"]
[Site "Forli"]
[Date "1991.??.??"]
[Round "9"]
[White "Ortega, Lexy"]
[Black "Shrentzel, Israel"]
[Result "1-0"]
[WhiteElo "2415"]
[BlackElo "2375"]
[PlyCount "89"]
[EventDate "1991.09.??"]
[EventType "swiss"]
[EventRounds "9"]
[EventCountry "ITA"]
[SourceTitle "EXT 1997"]
[Source "ChessBase"]
[SourceDate "1996.11.15"]
[SourceVersion "1"]
[SourceVersionDate "1996.11.15"]
[SourceQuality "1"]

1. d4 Nf6 2. Nf3 g6 3. c4 Bg7 4. g3 0-0 5. Bg2 d6 6. 0-0 Nbd7 7. Nc3 e5 8. e4 h6 9. b3 Nh7 10. dxe5 dxe5 11. Be3 Ng5 12. Nxg5 hxg5 13. Qd2 g4 14. Rad1 c6 15. h3 gxh3 16. Bxh3 Qe7 17. Bxd7 Rd8 18. Nd5 cxd5 19. Bxc8 d4 20. Bh3 dxe3 21. Qxe3 Rd4 22. Rxd4 exd4 23. Qd3 Qa3 24. Qd2 Re8 25. Bg2 Qc5 26. Rd1 a5 27. f4 d3+ 28. Kf1 g5 29. Qxd3 gxf4 30. gxf4 Qh5 31. Qd7 Re6 32. Qd8+ Kh7 33. Rd3 Bf6 34. Qd5 Qg4 35. Qf5+ Qxf5 36. exf5 Re7 37. Rd6 Bc3 38. f6 Re6 39. Rd7 Bxf6 40. Kf2 Kg7 41. Bxb7 Re8 42. Kg3 Rb8 43. Bf3 Kg6 44. Be4+ Kh5 45. Rd5+ 1-0

[Event "Forli op"]
[Site "Forli"]
[Date "1991.??.??"]
[Round "5"]
[White "Shrentzel, Israel"]
[Black "Pedersen, Steffen"]
[Result "1/2-1/2"]
[WhiteElo "2375"]
[BlackElo "2280"]
[PlyCount "27"]
[EventDate "1991.09.??"]
[EventType "swiss"]
[EventRounds "9"]
[EventCountry "ITA"]
[SourceTitle "EXT 1997"]
[Source "ChessBase"]
[SourceDate "1996.11.15"]
[SourceVersion "1"]
[SourceVersionDate "1996.11.15"]
[SourceQuality "1"]

1. Nf3 Nf6 2. b3 e6 3. Bb2 d5 4. g3 Be7 5. Bg2 0-0 6. c4 c5 7. 0-0 b6 8. e3 Bb7 9. Qe2 Nc6 10. Rd1 dxc4 11. bxc4 Qc7 12. Nc3 Rad8 13. Rac1 Qb8 14. d3 1/2-1/2

[Event "Forli op"]
[Site "Forli"]
[Date "1991.??.??"]
[Round "6"]
[White "Winterstein, Wolfgang"]
[Black "Shrentzel, Israel"]
[Result "1-0"]
[WhiteElo "2280"]
[BlackElo "2375"]
[PlyCount "99"]
[EventDate "1991.09.??"]
[EventType "swiss"]
[EventRounds "9"]
[EventCountry "ITA"]
[SourceTitle "EXT 1997"]
[Source "ChessBase"]
[SourceDate "1996.11.15"]
[SourceVersion "1"]
[SourceVersionDate "1996.11.15"]
[SourceQuality "1"]

1. e4 Nf6 2. e5 Nd5 3. d4 d6 4. c4 Nb6 5. f4 dxe5 6. fxe5 Bf5 7. Nc3 e6 8. Be3 Bb4 9. Nf3 c5 10. Be2 Nc6 11. 0-0 cxd4 12. Nxd4 Nxd4 13. Bxd4 Bc2 14. Qd2 Rc8 15. Rf4 Bg6 16. b3 0-0 17. Qe3 Be7 18. Ne4 Nd7 19. Raf1 Qa5 20. h4 Nxe5 21. h5 Bxe4 22. Qxe4 Nc6 23. Ba1 Qc5+ 24. R1f2 Bg5 25. Bd3 f5 26. Qxe6+ Kh8 27. h6 Bf6 28. Qxf5 Qxf5 29. Rxf5 Kg8 30. hxg7 Bxg7 31. Rg5 Rc7 32. Bxg7 Rxg7 33. Rxg7+ Kxg7 34. Rxf8 Kxf8 35. Bxh7 b6 36. Kf2 Ke7 37. Kf3 a5 38. a3 Kd6 39. Bd3 Kc5 40. Be2 Ne5+ 41. Ke4 Nf7 42. g4 Ng5+ 43. Kf4 Ne6+ 44. Ke5 Ng5 45. Kf5 Nf7 46. g5 Kd4 47. g6 Nh6+ 48. Kg5 Ng8 49. g7 Kc3 50. Bh5 1-0

[Event "Tel Aviv"]
[Site "Tel Aviv"]
[Date "1988.??.??"]
[Round "?"]
[White "Blees, Albert"]
[Black "Shrentzel, Israel"]
[Result "0-1"]
[WhiteElo "2390"]
[BlackElo "2385"]
[PlyCount "92"]
[EventDate "1988.03.??"]
[EventType "tourn"]
[EventRounds "13"]
[EventCountry "ISR"]
[EventCategory "8"]
[SourceTitle "CBM 007"]
[Source "ChessBase"]
[SourceDate "1988.12.01"]
[SourceVersion "1"]
[SourceVersionDate "1988.12.01"]
[SourceQuality "1"]

1. d4 Nf6 2. Nf3 g6 3. c4 Bg7 4. Nc3 0-0 5. e4 d6 6. Be2 Nbd7 7. 0-0 e5 8. Qd2 c6 9. Rd1 exd4 10. Nxd4 Qe7 11. Bf1 Nc5 12. f3 Nh5 13. Qf2 f5 14. exf5 gxf5 15. Nde2 f4 16. b4 Nd7 17. Bb2 Ne5 18. Nd4 a6 19. Re1 Bf6 20. Qe2 Qg7 21. Ne4 Nxf3+ 22. Qxf3 Bxd4+ 23. Bxd4 Qxd4+ 24. Kh1 Nf6 25. Rad1 Qe5 26. Nxd6 Qg5 27. Rd4 Ng4 28. Ree4 Qh4 29. h3 Nf2+ 30. Kg1 Nxe4 31. Rxe4 c5 32. Re5 Qf6 33. Qd5+ Kh8 34. bxc5 Bd7 35. Rh5 Bc6 36. Qd3 Qg7 37. h4 f3 38. Nf5 Qe5 39. Ng3 Qe7 40. Kh2 fxg2 41. Bxg2 Bxg2 42. Kxg2 Rad8 43. Qc3+ Qf6 44. Qc2 Rf7 45. Rg5 Qd4 46. h5 Rdf8 0-1

[Event "Tel Aviv"]
[Site "Tel Aviv"]
[Date "1988.??.??"]
[Round "?"]
[White "Csom, Istvan"]
[Black "Shrentzel, Israel"]
[Result "1/2-1/2"]
[WhiteElo "2495"]
[BlackElo "2385"]
[PlyCount "83"]
[EventDate "1988.03.??"]
[EventType "tourn"]
[EventRounds "13"]
[EventCountry "ISR"]
[EventCategory "8"]
[SourceTitle "CBM 007"]
[Source "ChessBase"]
[SourceDate "1988.12.01"]
[SourceVersion "1"]
[SourceVersionDate "1988.12.01"]
[SourceQuality "1"]

1. c4 Nf6 2. Nf3 g6 3. g3 Bg7 4. Bg2 0-0 5. d4 d6 6. Nc3 Nbd7 7. 0-0 e5 8. b3 Re8 9. e4 a6 10. Re1 Rb8 11. Bb2 exd4 12. Nxd4 c5 13. Nc2 Ne5 14. h3 Nh5 15. Ne3 b5 16. cxb5 axb5 17. Re2 c4 18. Ncd5 Bb7 19. Rb1 Bxd5 20. Nxd5 Nf6 21. Rc2 Nxd5 22. Qxd5 Qb6 23. Bc1 Qa6 24. Be3 Rec8 25. Bf1 cxb3 26. Rxc8+ Rxc8 27. axb3 Qa2 28. Rd1 b4 29. Bg2 h5 30. Qb7 Rc3 31. Qxb4 h4 32. g4 Rd3 33. Rxd3 Qb1+ 34. Bf1 Nf3+ 35. Kg2 Ne1+ 36. Qxe1 Qxe1 37. Rxd6 Qb4 38. Rd8+ Kh7 39. Bc4 Qe7 40. Rd3 Qxe4+ 41. f3 Qe5 42. Bf2 1/2-1/2

[Event "Beersheba"]
[Site "Beersheba"]
[Date "1988.??.??"]
[Round "?"]
[White "Mestel, A Jonathan"]
[Black "Shrentzel, Israel"]
[Result "1-0"]
[WhiteElo "2510"]
[BlackElo "2385"]
[PlyCount "51"]
[EventDate "1988.02.??"]
[EventType "tourn"]
[EventRounds "14"]
[EventCountry "ISR"]
[EventCategory "10"]
[SourceTitle "CBM 009"]
[Source "ChessBase"]
[SourceDate "1989.04.01"]
[SourceVersion "1"]
[SourceVersionDate "1989.04.01"]
[SourceQuality "1"]

1. e4 d5 2. exd5 Nf6 3. c4 c6 4. Nc3 cxd5 5. cxd5 Nxd5 6. d4 Nc6 7. Nf3 e6 8. Bd3 Be7 9. 0-0 0-0 10. a3 Bf6 11. Be4 Qd6 12. Qd3 g6 13. Bh6 Bg7 14. Qd2 Nf6 15. Rad1 Rd8 16. Rfe1 Bd7 17. Bg5 Na5 18. Ne5 Be8 19. Bf3 Qb6 20. Qf4 Nd5 21. Nxd5 exd5 22. Bxd8 Rxd8 23. Ng4 Ba4 24. Re7 Rf8 25. Bxd5 Bb3 26. Rxf7 1-0

[Event "Beersheba"]
[Site "Beersheba"]
[Date "1988.??.??"]
[Round "?"]
[White "Shrentzel, Israel"]
[Black "Greenfeld, Alon"]
[Result "0-1"]
[WhiteElo "2385"]
[BlackElo "2510"]
[PlyCount "68"]
[EventDate "1988.02.??"]
[EventType "tourn"]
[EventRounds "14"]
[EventCountry "ISR"]
[EventCategory "10"]
[SourceTitle "CBM 009"]
[Source "ChessBase"]
[SourceDate "1989.04.01"]
[SourceVersion "1"]
[SourceVersionDate "1989.04.01"]
[SourceQuality "1"]

1. d4 Nf6 2. c4 c5 3. d5 b5 4. Bg5 Ne4 5. Bf4 d6 6. cxb5 a6 7. Qa4 Nf6 8. e4 g6 9. Nc3 Bg7 10. bxa6+ Bd7 11. Qc2 Qa5 12. a7 Rxa7 13. Bd2 Na6 14. Nf3 0-0 15. Be2 Rb8 16. 0-0 Qb6 17. b3 Nb4 18. Qd1 Bc8 19. h3 Ba6 20. Bc4 Bxc4 21. bxc4 Ra3 22. Nb5 Rxa2 23. Rxa2 Nxa2 24. Qa4 Nb4 25. e5 Nfxd5 26. exd6 exd6 27. Re1 Nd3 28. Re4 Nf6 29. Re7 Nb2 30. Qc2 Nxc4 31. Qxc4 d5 32. Qh4 Qxb5 33. Bh6 Re8 34. Ra7 Qb1+ 0-1

[Event "Beersheba"]
[Site "Beersheba"]
[Date "1988.??.??"]
[Round "?"]
[White "Shrentzel, Israel"]
[Black "Mestel, A Jonathan"]
[Result "0-1"]
[WhiteElo "2385"]
[BlackElo "2510"]
[PlyCount "104"]
[EventDate "1988.02.??"]
[EventType "tourn"]
[EventRounds "14"]
[EventCountry "ISR"]
[EventCategory "10"]
[SourceTitle "CBM 009"]
[Source "ChessBase"]
[SourceDate "1989.04.01"]
[SourceVersion "1"]
[SourceVersionDate "1989.04.01"]
[SourceQuality "1"]

1. e4 c5 2. Nf3 d6 3. c3 Nf6 4. h3 Nc6 5. Bd3 Bd7 6. Bc2 g6 7. 0-0 Bg7 8. a3 c4 9. d4 cxd3 10. Bxd3 0-0 11. Re1 Qc7 12. Be3 d5 13. e5 Ne4 14. Bf4 Rad8 15. Qe2 Qb6 16. b4 Bf5 17. b5 Na5 18. Bxe4 Bxe4 19. Nbd2 Bxf3 20. Nxf3 Rc8 21. Be3 Qc7 22. e6 Bxc3 23. exf7+ Rxf7 24. Rac1 Nb3 25. Rc2 Qc4 26. Qxc4 Rxc4 27. Rb1 Bg7 28. Re2 Nc5 29. Ng5 Rf5 30. Bxc5 Rxc5 31. Ne6 Rc3 32. Nxg7 Kxg7 33. Rxe7+ Rf7 34. Rxf7+ Kxf7 35. a4 Ra3 36. b6 Rxa4 37. bxa7 Rxa7 38. Kf1 Ke6 39. Ke2 Kd6 40. Kd3 Ra3+ 41. Kd4 Ra4+ 42. Kd3 Kc6 43. Rc1+ Rc4 44. Ra1 b5 45. Ra7 b4 46. Rxh7 b3 47. Rh8 Kb7 48. Rh7+ Ka6 49. Rh8 Ka5 50. Rb8 Ka4 51. f4 Ka3 52. g4 b2 0-1

[Event "Tel Aviv"]
[Site "Tel Aviv"]
[Date "1988.??.??"]
[Round "?"]
[White "Stepak, Yedael"]
[Black "Shrentzel, Israel"]
[Result "0-1"]
[WhiteElo "2355"]
[BlackElo "2385"]
[PlyCount "72"]
[EventDate "1988.03.??"]
[EventType "tourn"]
[EventRounds "13"]
[EventCountry "ISR"]
[EventCategory "8"]
[SourceTitle "CBM 007"]
[Source "ChessBase"]
[SourceDate "1988.12.01"]
[SourceVersion "1"]
[SourceVersionDate "1988.12.01"]
[SourceQuality "1"]

1. Nf3 Nf6 2. c4 g6 3. Nc3 Bg7 4. g3 0-0 5. Bg2 d6 6. d4 Nbd7 7. 0-0 e5 8. b3 Re8 9. e3 c6 10. Bb2 a6 11. Qc2 e4 12. Nd2 d5 13. c5 Nf8 14. Na4 Bf5 15. Nb6 Rb8 16. Qc3 Ne6 17. Rae1 h5 18. f3 Ng5 19. f4 Nh3+ 20. Kh1 h4 21. Bxh3 Bxh3 22. Rg1 Kh7 23. Re2 Rh8 24. Qc1 Kg8 25. gxh4 Nh5 26. Nf1 Qxh4 27. Qe1 Bf6 28. Qxh4 Bxh4 29. Rc2 Nf6 30. Ng3 Kg7 31. Bc3 Bg4 32. Kg2 Bxg3 33. Kxg3 Rh3+ 34. Kf2 Rxh2+ 35. Rg2 Rbh8 36. Ke1 Rh1+ 0-1